• 首页
  • 本馆介绍
  • 公告通知
  • 最新文献
  • 馆藏检索
  • 电子资源
  • 读者导购
  • 参考咨询
  • 我的图书馆
  • 登录
  • 详细信息显示
  • 放入我的书架
  • 预约/预借图书
  • 作者相关作品
  • 分类相关作品
  • 丛书相关作品
  • 出版社相关作品

书目信息

  • 表格格式
  • 工作单格式
  • 卡片格式
题名:
徐寿和中国近代化学史
    
 
作者: 杨根 编
分册:  
出版信息: 北京   科学技术文献出版社  1986
页数: 364页
开本: 19cm
丛书名:
单 册:
中图分类: O6-09
科图分类:
主题词: 化学--理论 , 化学--方法
电子资源:
ISBN:
000 00665nam0 2200253 45
001 0186010112
005 20040913172456.3
010    @dCNY2.70
091    @a15176.652
100    @a19900818d1986 emky0chiy0121 ea
101 0  @achi
102    @aCN@b110000
105    @ay z 000yd
106    @ar
200 10 @a徐寿和中国近代化学史@Axu shou he zhong guo jin dai hua xue shi@f杨根编
210    @a北京@c科学技术文献出版社@d1986
215    @a364页@d19cm
606 0  @a化学@x理论
606 0  @a化学@x方法
690    @aO6-09@v3
701  0 @a杨根@Ayang gen@4编
801  0 @aCN@b深圳图书馆@c20040519
801  2 @aCN@bNLC@c20040519
905    @dO6-09@e188@f1@b161962
    
    徐寿和中国近代化学史/杨根编.-北京:科学技术文献出版社,1986
    364页;19cm
    
    
    ISBN :CNY2.70
    
●
相关链接 在E读中查询图书 在五车中查询图书 在当当中查询图书 在豆瓣中查询图书


正题名:徐寿和中国近代化学史     索取号:O6-09/188         预约/预借

序号 登录号 条形码 馆藏地/架位号 状态 备注
1 0161962   001695687   第三借阅区/ [索取号:O6-09/188] 在馆    
2 0161963   000340321   第三借阅区/ [索取号:O6-09/188] 在馆    
3 0161964   000340330   第三借阅区/ [索取号:O6-09/188] 在馆    
4 0161966   202097774   第二样本阅览室/ [索取号:O6-09/188] 在馆    
唐山师范学院图书馆 欢迎您!
大连网信软件有限公司© 版权所有